000 00290nam a22001337a 4500
008 171013b xxu||||| |||| 00| 0 eng d
020 _a2900073380048
041 _aeng
080 _a316
100 _a51
101 _aSOC
245 _aMARRIAGES & FAMILIES
_cOLSON, D.H
942 _2udc
_cBK
999 _c33793
_d33793